000 01050nam a2200289 i 4500
001 000016021
003 DO-SdBNP
005 20251204073702.0
007 ta
008 100223s1945 dr c r 000 0 spa d
040 _aDO-SdBNP
_bspa
_cBNPHU
_erda
082 _a343.1
_bG643d, 1945
_222
100 1 _aGonzález Rodríguez, Manuel Ángel
_eautor
_935972
245 1 0 _aDos procesos de nuestros anales criminales /
_cManuel Angel González Rodríguez.
264 _aCiudad Trujillo, República Dominicana :
_bMontalvo,
_c1945.
300 _avolumen :
_bretratos. ;
_c25 cm.
336 _ardacontent
_btexto
_2txt
337 _ardamedia
_bsin mediación
_2n
338 _ardacarrier
_bvolumen
_2nc
500 _aLa bilbioteca posee el volumen 3
505 1 _av. 3 Apuntaciones jurídicas sobre el mandamiento de prisión provisional y el decreto de indulto,.
590 _aInventariado,2024/DG
650 4 _aProcessos (derecho)
_935973
650 0 _aAdministración de justicia
_zRepública Dominicana
_910083
910 _aDG
942 _2ddc
_cLBS1
999 _c15563
_d15563